Corazón valiente

En el siglo XIV, los escoceses viven oprimidos por los gravosos tributos y las injustas leyes impuestas por los ingleses. William Wallace es un joven escocés que regresa a su tierra después de muchos años de ausencia. Siendo un niño, toda su familia fue asesinada por los ingleses, razón por la cual...

Descripción completa

Guardado en:
Autor Principal: Gibson, Mel.
Autor Corporativo: The Ladd Company.
Otros Autores: Wallace, Randall; Guion., Horner, James; Música., Gibson, Mel; Reparto., Marceau, Sophie; Reparto., Bannen, Ian; Reparto.
Formato: Deslizar
Idioma:Undetermined
Publicado: Estados Unidos : Paramount Pictures, 1995.
Materias:
Etiquetas: Agregar Etiqueta
Sin Etiquetas, Sea el primero en etiquetar este registro!
LEADER 01293ngm a22002655a 4500
001 CEM.cems020464
008 230920s1995####xx#---############vlund#d
005 20230920191424.0
245 1 0 |a Corazón valiente  |h [videograbación] /  |c Mel Gibson. 
260 |a Estados Unidos :  |b Paramount Pictures,  |c 1995. 
300 |a 177'. 
520 |a En el siglo XIV, los escoceses viven oprimidos por los gravosos tributos y las injustas leyes impuestas por los ingleses. William Wallace es un joven escocés que regresa a su tierra después de muchos años de ausencia. Siendo un niño, toda su familia fue asesinada por los ingleses, razón por la cual se fue a vivir lejos con un tío suyo. 
590 |a Identificación anterior: 173 
538 |a Soporte: DVD -- Formato: AVI – Peso: 1.62gb -- Resolución: 512 x 208 -- 23.98 fps 
500 |a Título original: Braveheart – Idioma: Inglés – Subtítulos: Castellano. 
100 1 |a Gibson, Mel. 
700 1 |a Wallace, Randall; Guion. 
700 1 |a Horner, James; Música. 
700 1 |a Gibson, Mel; Reparto. 
700 1 |a Marceau, Sophie; Reparto. 
700 1 |a Bannen, Ian; Reparto. 
710 2 |a The Ladd Company. 
653 |a LARGOMETRAJE 
653 |a FICCIÓN 
859 |a CEMS  |b BIB. CEMS - Depto. Recursos Didacticos  |h 778.5  |i GIB  |k DRD  |p 3119.23  |t Ej.1